000 00296nam a2200121Ia 4500
008 191201s2005 xx 000 0 und d
100 _aWELCH, Jack
245 0 _aWinning
260 _aN.Delhi
_bHarper Collins Publishers London
_c2005
300 _a372
650 _aGeneral Books
942 _2ddc
_cBK
999 _c2160
_d2160